[Event "Stara Lubovna Sorea op"]
[Site "Stara Lubovna"]
[Date "2015.09.03"]
[Round "1"]
[White "Sestak, Dusan"]
[Black "Zambor, Norbert"]
[Result "0-1"]
[WhiteElo "1762"]
[BlackElo "2299"]
[PlyCount "62"]
[EventDate "2015.09.03"]
[EventType "swiss"]
[EventRounds "7"]
[EventCountry "SVK"]
[SourceTitle "EXT 2016"]
[Source "ChessBase"]
[SourceDate "2015.10.08"]
[SourceVersion "1"]
[SourceVersionDate "2015.10.08"]
[SourceQuality "1"]

1. d4 Nf6 2. c4 g6 3. Nf3 Bg7 4. Nc3 0-0 5. e4 d6 6. Be2 Nbd7 7. 0-0 e5 8. d5 Nh5 9. Be3 Nf4 10. Qd2 g5 11. g3 Nxe2+ 12. Qxe2 h6 13. h4 f6 14. hxg5 fxg5 15. Nh2 Nf6 16. Kg2 Qe8 17. Rh1 Qg6 18. Bd2 h5 19. Qe3 Ng4 20. Nxg4 Bxg4 21. Kg1 Bh6 22. Rf1 Rf3 23. Qe1 Raf8 24. Rh2 h4 25. gxh4 Bh3 26. Kh1 Bxf1 27. Qxf1 g4 28. h5 Qf6 29. Bxh6 Qxh6 30. Ne2 Kh8 31. Ng3 Rxg3 0-1